000
002400000a22000970004500
100
1
_a
Dirksen, P. B.
245
1
0
_a
Song of Songs 3:6-7
300
_a
Vol. 39, Num. 2 (Abril, 1989), Páginas 219-225
773
0
_t
Vetus Testamentum
942
_c
ANA
999
_c
57502
_d
57502